Normal view
MARC view
- Chris McMAHON Browne
Entry Personal Name
001 - CONTROL NUMBER
- control field: 9661
003 - CONTROL NUMBER IDENTIFIER
- control field: NUST
005 - DATE AND TIME OF LATEST TRANSACTION
- control field: 20180124100309.0
008 - FIXED-LENGTH DATA ELEMENTS
- fixed length control field: 180124|| aca||aabn | a|a d
040 ## - CATALOGING SOURCE
- Original cataloging agency: NUST
- Transcribing agency: NUST
100 ## - HEADING--PERSONAL NAME
- Personal name: Chris McMAHON Browne
670 ## - SOURCE DATA FOUND
- Source citation: Work cat.: (NUST)322033: Chris McMAHON Browne, CADCAM (From Principles to Practice), 1996
